[Event "WJCC U20 Girls 2019"]
[Site "New Delhi"]
[Date "2019.10.17"]
[Round "3.1"]
[White "Alinasab, Mobina"]
[Black "Berdnyk, Mariia"]
[Result "1-0"]
[WhiteElo "2239"]
[BlackElo "2349"]
[Annotator "ChessBase"]
[PlyCount "71"]
[EventDate "2019.10.15"]
[EventType "swiss"]
[EventCountry "IND"]
[SourceTitle "playchess.com"]
[Source "ChessBase"]
[SourceQuality "1"]
[TimeControl "40/5400+30:1800+30"]

1. e4 {[%emt 0:00:00]} c5 {[%emt 0:00:00]} 2. Nf3 {[%emt 0:00:00]} d6 {[%emt 0:00:00]} 3. d4 {[%emt 0:00:00]} cxd4 {[%emt 0:00:00]} 4. Nxd4 {[%emt 0:00:00]} Nf6 {[%emt 0:00:00]} 5. Nc3 {[%emt 0:00:00]} g6 {[%emt 0:00:00]} 6. Be3 {[%emt 0:00:00]} Bg7 {[%emt 0:00:00]} 7. f3 {[%emt 0:00:00]} O-O {[%emt 0:00:00]} 8. Qd2 {[%emt 0:00:00]} Nc6 {[%emt 0:00:05]} 9. O-O-O {[%emt 0:00:00]} d5 {[%emt 0:00:04]} 10. exd5 {[%emt 0:00:00]} Nxd5 {[%emt 0:00:49]} 11. Nxc6 {[%emt 0:00:02]} bxc6 {[%emt 0:00:05]} 12. Bd4 {[%emt 0:00:02]} Bxd4 {[%emt 0:03:04]} 13. Qxd4 {[%emt 0:00:06]} Qb6 {[%emt 0:02:45]} 14. Na4 {[%emt 0:00:07]} Qa5 {[%emt 0:01:25]} 15. b3 {[%emt 0:00:09]} Qc7 {[%emt 0:00:30]} 16. h4 {[%emt 0:03:13]} e5 {[%emt 0:04:55]} 17. Qc5 {[%emt 0:15:45]} Be6 {[%emt 0:02:24]} 18. h5 {[%emt 0:01:54]} g5 {[%emt 0:04:31]} 19. Bc4 {[%emt 0:06:01]} f6 {[%emt 0:08:20]} 20. Rhe1 {[%emt 0:29:02]} Bf7 {[%emt 0:11:45]} 21. h6 {[%emt 0:01:04]} Rad8 {[%emt 0:00:30]} 22. Bxd5 {[%emt 0:00:30]} Bxd5 {[%emt 0:00:37]} 23. Rd2 {[%emt 0:03:32]} Rd7 {[%emt 0:06:19]} 24. c4 {[%emt 0:05:54]} Be6 {[%emt 0:12:44]} 25. Rxd7 {[%emt 0:00:24]} Bxd7 {[%emt 0:01:26]} 26. Rd1 {[%emt 0:00:40]} Be8 {[%emt 0:00:48]} 27. Nc3 {[%emt 0:04:18]} Bg6 {[%emt 0:14:09]} 28. Nd5 {[%emt 0:03:52]} Qf7 {[%emt 0:02:00]} 29. Ne7+ {[%emt 0:02:04]} Kh8 {[%emt 0:00:01]} 30. Nxg6+ {[%emt 0:12:22]} hxg6 {[%emt 0:00:05]} 31. Rd7 {[%emt 0:00:19]} Qxd7 {[%emt 0:01:04]} 32. Qxf8+ {[%emt 0:00:07]} Kh7 {[%emt 0:00:03]} 33. b4 {[%emt 0:07:10]} f5 {[%emt 0:04:58]} 34. b5 {[%emt 0:02:09]} c5 {[%emt 0:04:20]} 35. a4 {[%emt 0:00:50]} e4 {[%emt 0:00:09]} 36. fxe4 {[%emt 0:00:12]} 1-0

[Event "WJCC U20 Girls 2019"]
[Site "New Delhi"]
[Date "2019.10.17"]
[Round "3.2"]
[White "Dordzhieva, Dinara"]
[Black "Priyanka Nutakki"]
[Result "0-1"]
[WhiteElo "2335"]
[BlackElo "2248"]
[Annotator "ChessBase"]
[PlyCount "82"]
[EventDate "2019.10.15"]
[EventType "swiss"]
[EventCountry "IND"]
[SourceTitle "playchess.com"]
[Source "ChessBase"]
[SourceQuality "1"]
[TimeControl "40/5400+30:1800+30"]

1. Nf3 {[%emt 0:01:08]} d5 {[%emt 0:00:01]} 2. d4 {[%emt 0:00:05]} Nf6 {[%emt 0:00:31]} 3. c4 {[%emt 0:00:05]} e6 {[%emt 0:00:07]} 4. g3 {[%emt 0:00:10]} Be7 {[%emt 0:00:18]} 5. Bg2 {[%emt 0:00:08]} O-O {[%emt 0:00:07]} 6. O-O {[%emt 0:00:05]} dxc4 {[%emt 0:00:09]} 7. Ne5 {[%emt 0:00:04]} Nc6 {[%emt 0:00:23]} 8. Nxc6 {[%emt 0:00:09]} bxc6 {[%emt 0:00:05]} 9. Na3 {[%emt 0:00:03]} Bxa3 {[%emt 0:10:39]} 10. bxa3 {[%emt 0:00:13]} Ba6 {[%emt 0:00:44]} 11. Qd2 {[%emt 0:00:27]} Rb8 {[%emt 0:00:10]} 12. Qa5 {[%emt 0:00:24]} Rb6 {[%emt 0:00:06]} 13. a4 {[%emt 0:00:31]} Qc8 {[%emt 0:03:37]} 14. Ba3 {[%emt 0:01:17]} Rd8 {[%emt 0:02:20]} 15. Rab1 {[%emt 0:00:07]} Qb7 {[%emt 0:08:13]} 16. Rbc1 {[%emt 0:16:26]} Rd6 17. d5 Rxd5 {[%emt 0:15:46]} 18. Bb4 Rd4 19. Bc5 {[%emt 0:03:02]} Rd7 {[%emt 0:03:37]} 20. Bxb6 {[%emt 0:00:29]} cxb6 {[%emt 0:00:08]} 21. Qc3 {[%emt 0:04:08]} Nd5 {[%emt 0:05:55]} 22. Qc2 {[%emt 0:04:00]} h6 {[%emt 0:04:16]} 23. Rfd1 {[%emt 0:02:32]} Qc7 {[%emt 0:01:18]} 24. a3 {[%emt 0:03:24]} b5 {[%emt 0:07:24]} 25. Rb1 {[%emt 0:12:27]} Qb6 {[%emt 0:10:08]} 26. e4 {[%emt 0:16:50]} Nf6 {[%emt 0:00:15]} 27. Rxd7 {[%emt 0:00:09]} Nxd7 {[%emt 0:00:01]} 28. axb5 {[%emt 0:00:14]} cxb5 {[%emt 0:01:00]} 29. a4 {[%emt 0:00:04]} b4 {[%emt 0:09:59]} 30. Qb2 {[%emt 0:21:37]} c3 {[%emt 0:02:16]} 31. Qc2 {[%emt 0:02:53]} Ne5 {[%emt 0:00:47]} 32. Rd1 {[%emt 0:00:36]} Bd3 {[%emt 0:01:52]} 33. Rxd3 {[%emt 0:03:12]} Nxd3 {[%emt 0:00:02]} 34. Qxd3 {[%emt 0:00:15]} b3 {[%emt 0:00:21]} 35. e5 {[%emt 0:00:16]} c2 {[%emt 0:01:05]} 36. Qc3 {[%emt 0:01:00]} Qd8 {[%emt 0:00:51]} 37. Bf1 {[%emt 0:06:42]} Qd1 {[%emt 0:00:36]} 38. Qxb3 {[%emt 0:01:15]} c1=Q {[%emt 0:00:20]} 39. Qb8+ {[%emt 0:00:03]} Kh7 {[%emt 0:00:05]} 40. Qb5 {[%emt 0:00:03]} Qcc2 {[%emt 0:00:56]} 41. a5 {[%emt 0:30:38]} Qe1 {[%emt 0:30:15]} 0-1

[Event "WJCC U20 Girls 2019"]
[Site "New Delhi"]
[Date "2019.10.17"]
[Round "3.3"]
[White "Mrudul Dehankar"]
[Black "Rakshitta Ravi"]
[Result "1/2-1/2"]
[WhiteElo "2227"]
[BlackElo "2310"]
[Annotator "ChessBase"]
[PlyCount "67"]
[EventDate "2019.10.15"]
[EventType "swiss"]
[EventCountry "IND"]
[SourceTitle "playchess.com"]
[Source "ChessBase"]
[SourceQuality "1"]
[TimeControl "40/5400+30:1800+30"]

1. d4 {[%emt 0:00:00]} Nf6 {[%emt 0:00:10]} 2. Bf4 {[%emt 0:00:00]} g6 {[%emt 0:00:11]} 3. Nc3 {[%emt 0:00:11]} d5 {[%emt 0:00:07]} 4. e3 {[%emt 0:00:15]} Bg7 {[%emt 0:00:20]} 5. h4 {[%emt 0:00:12]} c5 {[%emt 0:01:29]} 6. dxc5 {[%emt 0:04:17]} Nc6 {[%emt 0:02:20]} 7. Bb5 {[%emt 0:03:18]} O-O {[%emt 0:02:58]} 8. Bxc6 {[%emt 0:04:49]} bxc6 {[%emt 0:00:11]} 9. Be5 {[%emt 0:00:51]} h5 {[%emt 0:10:30]} 10. Qd4 {[%emt 0:10:04]} Bh6 {[%emt 0:08:46]} 11. Bf4 {[%emt 0:13:24]} Bg7 {[%emt 0:00:24]} 12. Be5 {[%emt 0:08:39]} Re8 {[%emt 0:01:04]} 13. Nf3 {[%emt 0:03:35]} Bf8 {[%emt 0:04:56]} 14. Qa4 {[%emt 0:14:56]} Bd7 {[%emt 0:09:45]} 15. Rd1 {[%emt 0:19:01]} Qc8 {[%emt 0:09:38]} 16. e4 {[%emt 0:05:04]} dxe4 {[%emt 0:08:25]} 17. Nxe4 {[%emt 0:00:30]} Bg4 {[%emt 0:14:38]} 18. Neg5 {[%emt 0:05:35]} Qf5 {[%emt 0:04:29]} 19. O-O {[%emt 0:01:27]} Nd7 {[%emt 0:01:21]} 20. Bg3 {[%emt 0:01:18]} Nxc5 {[%emt 0:02:40]} 21. Qc4 {[%emt 0:00:59]} Ne6 {[%emt 0:05:31]} 22. Nd4 {[%emt 0:01:40]} Nxd4 {[%emt 0:00:26]} 23. Rxd4 {[%emt 0:00:03]} e5 {[%emt 0:00:32]} 24. Re4 {[%emt 0:00:53]} Qd7 {[%emt 0:03:48]} 25. Rxe5 {[%emt 0:00:52]} Bg7 {[%emt 0:01:36]} 26. Ree1 {[%emt 0:00:33]} Qd5 {[%emt 0:01:01]} 27. Qxd5 {[%emt 0:00:31]} cxd5 {[%emt 0:00:02]} 28. f3 {[%emt 0:00:25]} Bf5 {[%emt 0:00:01]} 29. c3 {[%emt 0:00:11]} d4 {[%emt 0:02:03]} 30. Rxe8+ {[%emt 0:00:48]} Rxe8 {[%emt 0:00:02]} 31. Re1 {[%emt 0:00:07]} Rd8 {[%emt 0:02:33]} 32. cxd4 {[%emt 0:00:49]} Bxd4+ {[%emt 0:00:07]} 33. Bf2 {[%emt 0:00:06]} Bxb2 {[%emt 0:00:41]} 34. Re2 {[%emt 0:01:03]} 1/2-1/2

[Event "WJCC U20 Girls 2019"]
[Site "New Delhi"]
[Date "2019.10.17"]
[Round "3.4"]
[White "Cervantes Landeiro, Thalia"]
[Black "Altantuya, Boldbaatar"]
[Result "0-1"]
[WhiteElo "2176"]
[BlackElo "2277"]
[Annotator "ChessBase"]
[PlyCount "60"]
[EventDate "2019.10.15"]
[EventType "swiss"]
[EventCountry "IND"]
[SourceTitle "playchess.com"]
[Source "ChessBase"]
[SourceQuality "1"]
[TimeControl "40/5400+30:1800+30"]

1. d4 {[%emt 0:00:00]} e6 {[%emt 0:00:00]} 2. c4 {[%emt 0:00:00]} b6 {[%emt 0:00:03]} 3. e4 {[%emt 0:00:45]} Bb7 {[%emt 0:00:24]} 4. Bd3 {[%emt 0:01:14]} Nf6 {[%emt 0:01:35]} 5. Nc3 {[%emt 0:04:17]} Bb4 {[%emt 0:02:09]} 6. f3 {[%emt 0:04:47]} c5 7. a3 {[%emt 0:06:53]} Bxc3+ {[%emt 0:10:24]} 8. bxc3 {[%emt 0:00:08]} d6 {[%emt 0:01:29]} 9. Bg5 {[%emt 0:05:27]} Nbd7 {[%emt 0:01:03]} 10. f4 {[%emt 0:05:46]} Qc7 {[%emt 0:09:55]} 11. Qe2 {[%emt 0:03:48]} cxd4 {[%emt 0:01:58]} 12. cxd4 {[%emt 0:00:28]} b5 {[%emt 0:00:23]} 13. Rc1 {[%emt 0:26:15]} Qa5+ {[%emt 0:01:32]} 14. Kf2 {[%emt 0:03:35]} Qxa3 {[%emt 0:03:04]} 15. Nf3 {[%emt 0:06:45]} bxc4 {[%emt 0:01:44]} 16. Bc2 {[%emt 0:02:22]} Qa6 {[%emt 0:13:03]} 17. Ra1 {[%emt 0:03:07]} Qc6 {[%emt 0:04:37]} 18. Bxf6 {[%emt 0:02:27]} gxf6 {[%emt 0:00:12]} 19. Rhc1 {[%emt 0:03:11]} Ke7 {[%emt 0:04:09]} 20. Nd2 {[%emt 0:07:03]} Rhc8 {[%emt 0:06:12]} 21. Ba4 {[%emt 0:03:00]} Qb6 {[%emt 0:00:49]} 22. Rxc4 {[%emt 0:03:10]} Ba6 {[%emt 0:02:05]} 23. Rxc8 {[%emt 0:03:18]} Bxe2 {[%emt 0:09:02]} 24. Rxa8 {[%emt 0:00:08]} Qxd4+ {[%emt 0:00:10]} 25. Kxe2 {[%emt 0:00:11]} Qxa1 {[%emt 0:00:07]} 26. Rxa7 {[%emt 0:00:08]} Kf8 {[%emt 0:00:04]} 27. Rxd7 {[%emt 0:03:29]} Qxa4 {[%emt 0:00:06]} 28. Rxd6 {[%emt 0:00:05]} f5 {[%emt 0:03:20]} 29. Ke3 {[%emt 0:01:31]} Qa7+ {[%emt 0:00:29]} 30. Kf3 {[%emt 0:00:42]} Qa3+ {[%emt 0:00:04]} 0-1

[Event "WJCC U20 Girls 2019"]
[Site "New Delhi"]
[Date "2019.10.17"]
[Round "3.5"]
[White "Arpita, Mukherjee"]
[Black "Avetisyan, Mariam"]
[Result "1-0"]
[WhiteElo "2271"]
[BlackElo "2110"]
[Annotator "ChessBase"]
[PlyCount "73"]
[EventDate "2019.10.15"]
[EventType "swiss"]
[EventCountry "IND"]
[SourceTitle "playchess.com"]
[Source "ChessBase"]
[SourceQuality "1"]
[TimeControl "40/5400+30:1800+30"]

1. e4 {[%emt 0:00:44]} e6 {[%emt 0:00:00]} 2. d4 {[%emt 0:01:30]} d5 {[%emt 0:00:00]} 3. Nd2 {[%emt 0:00:15]} Be7 {[%emt 0:00:00]} 4. Ngf3 {[%emt 0:00:27]} Nf6 {[%emt 0:00:00]} 5. e5 {[%emt 0:00:43]} Nfd7 {[%emt 0:00:07]} 6. Bd3 {[%emt 0:00:30]} c5 {[%emt 0:00:06]} 7. c3 {[%emt 0:00:37]} Nc6 {[%emt 0:00:08]} 8. O-O {[%emt 0:00:23]} a5 {[%emt 0:00:11]} 9. a4 {[%emt 0:00:40]} cxd4 {[%emt 0:00:15]} 10. cxd4 {[%emt 0:00:44]} Nb4 {[%emt 0:00:13]} 11. Bb5 {[%emt 0:02:20]} O-O {[%emt 0:04:17]} 12. Nb1 {[%emt 0:01:55]} Nb6 {[%emt 0:06:43]} 13. Nc3 {[%emt 0:00:44]} Bd7 {[%emt 0:00:45]} 14. Ne1 {[%emt 0:09:34]} Rc8 {[%emt 0:19:30]} 15. f4 {[%emt 0:11:19]} g6 {[%emt 0:04:01]} 16. Rf3 {[%emt 0:01:55]} f6 {[%emt 0:09:47]} 17. exf6 {[%emt 0:07:28]} Bxf6 {[%emt 0:00:19]} 18. Rh3 {[%emt 0:01:54]} Nc6 {[%emt 0:06:21]} 19. Bxc6 {[%emt 0:15:48]} bxc6 {[%emt 0:00:55]} 20. Rg3 {[%emt 0:01:53]} Qc7 {[%emt 0:08:40]} 21. Qd3 {[%emt 0:07:13]} c5 {[%emt 0:07:58]} 22. dxc5 {[%emt 0:02:38]} Qxc5+ {[%emt 0:00:07]} 23. Be3 {[%emt 0:00:24]} d4 {[%emt 0:07:19]} 24. Ne4 {[%emt 0:01:02]} dxe3 {[%emt 0:08:16]} 25. Nxc5 {[%emt 0:01:12]} Rxc5 {[%emt 0:00:03]} 26. Qxe3 {[%emt 0:05:36]} Rd5 {[%emt 0:03:43]} 27. Nf3 {[%emt 0:01:16]} Bxb2 {[%emt 0:04:02]} 28. Rb1 {[%emt 0:03:43]} Nxa4 {[%emt 0:00:59]} 29. Rg5 {[%emt 0:00:34]} Rff5 {[%emt 0:05:53]} 30. Rxf5 {[%emt 0:00:10]} gxf5 {[%emt 0:00:03]} 31. Qa7 {[%emt 0:01:37]} Ba3 {[%emt 0:01:44]} 32. Qc7 {[%emt 0:03:58]} h6 {[%emt 0:01:50]} 33. h3 {[%emt 0:01:55]} Bb4 {[%emt 0:01:29]} 34. Ne5 {[%emt 0:00:26]} Nc5 {[%emt 0:00:16]} 35. Qd8+ {[%emt 0:00:11]} Kh7 {[%emt 0:00:43]} 36. Qe7+ {[%emt 0:00:09]} Kh8 {[%emt 0:00:14]} 37. Qf6+ {[%emt 0:00:11]} 1-0

[Event "WJCC U20 Girls 2019"]
[Site "New Delhi"]
[Date "2019.10.17"]
[Round "3.6"]
[White "Katkov, Michelle"]
[Black "Salimova, Nurgyul"]
[Result "1-0"]
[WhiteElo "2106"]
[BlackElo "2415"]
[Annotator "RC"]
[PlyCount "99"]
[EventDate "2019.10.15"]
[EventType "swiss"]
[EventCountry "IND"]
[SourceTitle "playchess.com"]
[Source "ChessBase"]
[SourceQuality "1"]
[TimeControl "40/5400+30:1800+30"]

1. e4 {[%emt 0:00:00]} g6 {[%emt 0:00:00]} 2. d4 {[%emt 0:00:00]} Bg7 {[%emt 0:00:00]} 3. Nf3 {[%emt 0:01:03]} d6 {[%emt 0:00:00]} 4. Nc3 {[%emt 0:00:17]} Nf6 {[%emt 0:00:12]} 5. Be2 {[%emt 0:01:43]} O-O {[%emt 0:04:50]} 6. O-O {[%emt 0:03:06]} c6 {[%emt 0:10:34]} 7. a4 {[%emt 0:00:08]} Bg4 {[%emt 0:01:18]} 8. h3 {[%emt 0:03:23]} Bxf3 {[%emt 0:00:05]} 9. Bxf3 {[%emt 0:00:07]} Nbd7 {[%emt 0:00:11]} 10. Be3 {[%emt 0:03:36]} Qc7 {[%emt 0:01:59]} 11. Qd2 {[%emt 0:03:56]} Rac8 {[%emt 0:04:31]} 12. Rfd1 {[%emt 0:04:55]} c5 {[%emt 0:08:22]} 13. dxc5 {[%emt 0:14:16]} Nxc5 {[%emt 0:05:13]} 14. b4 {[%emt 0:13:32]} Ncd7 {[%emt 0:08:43]} 15. Nb5 {[%emt 0:02:00]} Qxc2 {[%emt 0:00:32]} 16. Nxa7 {[%emt 0:02:11]} Qxd2 {[%emt 0:00:22]} 17. Bxd2 {[%emt 0:02:21]} Rc4 {[%emt 0:05:31]} 18. Rac1 {[%emt 0:02:36]} Ne5 {[%emt 0:00:50]} 19. Rxc4 {[%emt 0:03:03]} Nxc4 {[%emt 0:00:02]} 20. a5 {[%emt 0:07:36]} Rb8 {[%emt 0:26:46]} 21. Bf4 {[%emt 0:04:49]} Nb2 {[%emt 0:04:38]} 22. Rd2 {[%emt 0:01:39]} Nd7 {[%emt 0:02:56]} 23. Be2 {[%emt 0:01:28]} Ra8 {[%emt 0:02:40]} 24. Be3 {[%emt 0:01:25]} f5 {[%emt 0:03:11]} 25. exf5 {[%emt 0:01:36]} gxf5 {[%emt 0:00:01]} 26. f4 {[%emt 0:02:37]} e5 {[%emt 0:03:34]} 27. Rxd6 {[%emt 0:02:35]} Nf8 {[%emt 0:01:45]} 28. fxe5 {[%emt 0:00:47]} Bxe5 {[%emt 0:00:20]} 29. Rd5 {[%emt 0:02:07]} Bg7 {[%emt 0:03:20]} 30. Rxf5 {[%emt 0:02:25]} Re8 {[%emt 0:00:06]} 31. Kf2 {[%emt 0:00:55]} Ng6 32. Nb5 {[%emt 0:06:24]} Ne5 {[%emt 0:01:56]} 33. Nd6 {[%emt 0:00:34]} Re7 {[%emt 0:01:03]} 34. b5 {[%emt 0:01:19]} Rd7 {[%emt 0:00:23]} 35. Ne4 {[%emt 0:00:53]} Nec4 {[%emt 0:00:41]} 36. Bxc4+ {[%emt 0:02:00]} Nxc4 {[%emt 0:00:01]} 37. a6 {[%emt 0:00:26]} bxa6 {[%emt 0:00:04]} 38. bxa6 {[%emt 0:00:05]} Rd8 {[%emt 0:00:54]} 39. Nc5 {[%emt 0:03:02]} Re8 {[%emt 0:00:24]} 40. Bf4 {[%emt 0:01:45]} Bd4+ {[%emt 0:00:18]} 41. Kf3 {[%emt 0:04:17]} Ra8 {[%emt 0:07:11]} 42. Ne6 {[%emt 0:03:41]} Bb6 {[%emt 0:01:18]} 43. Bh6 {[%emt 0:00:32]} Nd6 44. Rf8+ {[%emt 0:00:32]} Rxf8+ {[%emt 0:01:10]} 45. Bxf8 {[%emt 0:00:12]} Nc8 {[%emt 0:00:49]} 46. Bc5 {[%emt 0:00:48]} Bxc5 {[%emt 0:00:07]} 47. Nxc5 {[%emt 0:00:04]} Kf7 {[%emt 0:00:02]} 48. Ke4 {[%emt 0:00:44]} Ke7 {[%emt 0:00:04]} 49. Kd5 {[%emt 0:00:41]} Na7 {[%emt 0:00:03]} 50. Ne4 {[%emt 0:00:42]} 1-0

[Event "WJCC U20 Girls 2019"]
[Site "New Delhi"]
[Date "2019.10.17"]
[Round "3.7"]
[White "Aakanksha Hagawane"]
[Black "Shuvalova, Polina"]
[Result "0-1"]
[WhiteElo "2181"]
[BlackElo "2412"]
[Annotator "ChessBase"]
[PlyCount "92"]
[EventDate "2019.10.15"]
[EventType "swiss"]
[EventCountry "IND"]
[SourceTitle "playchess.com"]
[Source "ChessBase"]
[SourceQuality "1"]
[TimeControl "40/5400+30:1800+30"]

1. e4 {[%emt 0:00:00]} e5 {[%emt 0:00:00]} 2. Bc4 {[%emt 0:00:00]} Nf6 {[%emt 0:00:00]} 3. d3 {[%emt 0:00:06]} c6 {[%emt 0:00:00]} 4. Nf3 {[%emt 0:00:13]} d5 {[%emt 0:00:05]} 5. Bb3 {[%emt 0:00:14]} Bb4+ {[%emt 0:00:37]} 6. Bd2 {[%emt 0:00:39]} Bxd2+ {[%emt 0:00:06]} 7. Qxd2 {[%emt 0:00:02]} O-O {[%emt 0:00:26]} 8. exd5 {[%emt 0:00:23]} cxd5 {[%emt 0:01:43]} 9. Nxe5 {[%emt 0:00:32]} a5 {[%emt 0:00:14]} 10. a4 {[%emt 0:00:19]} Nc6 {[%emt 0:01:03]} 11. f4 {[%emt 0:00:37]} Re8 12. O-O {[%emt 0:01:02]} Nxe5 {[%emt 0:04:15]} 13. fxe5 {[%emt 0:00:06]} Rxe5 {[%emt 0:00:03]} 14. Nc3 {[%emt 0:00:20]} Bd7 {[%emt 0:06:08]} 15. Rae1 {[%emt 0:04:37]} Rxe1 {[%emt 0:02:17]} 16. Qxe1 {[%emt 0:04:50]} Bc6 {[%emt 0:01:07]} 17. Qf2 {[%emt 0:06:15]} Qd6 {[%emt 0:05:35]} 18. Qf4 {[%emt 0:06:25]} Qe7 {[%emt 0:03:53]} 19. Qd4 {[%emt 0:06:03]} Rd8 {[%emt 0:02:27]} 20. Rf2 {[%emt 0:02:52]} Qe1+ {[%emt 0:00:44]} 21. Rf1 {[%emt 0:00:11]} Qe7 {[%emt 0:00:14]} 22. Rf2 {[%emt 0:02:25]} h6 {[%emt 0:02:51]} 23. Re2 {[%emt 0:03:09]} Qd6 {[%emt 0:01:11]} 24. h3 {[%emt 0:04:21]} Nd7 {[%emt 0:10:48]} 25. Ne4 {[%emt 0:21:59]} Qc7 {[%emt 0:12:06]} 26. Nd2 {[%emt 0:06:20]} Qb6 {[%emt 0:07:03]} 27. Nf3 {[%emt 0:00:54]} Kf8 {[%emt 0:01:03]} 28. Rf2 {[%emt 0:04:30]} Qxd4 {[%emt 0:01:29]} 29. Nxd4 {[%emt 0:00:01]} Nc5 {[%emt 0:00:11]} 30. Nxc6 {[%emt 0:10:03]} bxc6 {[%emt 0:00:08]} 31. d4 {[%emt 0:00:07]} Ne4 {[%emt 0:03:57]} 32. Rf3 Rb8 {[%emt 0:00:14]} 33. Rd3 {[%emt 0:02:48]} Rb4 {[%emt 0:03:34]} 34. g3 {[%emt 0:00:52]} Ke7 {[%emt 0:01:25]} 35. Kg2 {[%emt 0:00:14]} f5 {[%emt 0:00:32]} 36. h4 {[%emt 0:03:14]} g5 {[%emt 0:00:33]} 37. hxg5 {[%emt 0:00:11]} hxg5 {[%emt 0:00:08]} 38. Kf3 {[%emt 0:00:26]} Kf6 {[%emt 0:04:53]} 39. Kg2 {[%emt 0:01:14]} g4 {[%emt 0:02:11]} 40. Kg1 {[%emt 0:02:41]} Kg5 {[%emt 0:01:59]} 41. Kf1 {[%emt 0:31:46]} f4 {[%emt 0:34:30]} 42. gxf4+ {[%emt 0:01:43]} Kxf4 {[%emt 0:00:04]} 43. Kg2 {[%emt 0:01:21]} Rb8 {[%emt 0:00:16]} 44. Rd1 {[%emt 0:02:39]} Ke3 {[%emt 0:01:08]} 45. Kg1 {[%emt 0:02:41]} g3 {[%emt 0:01:51]} 46. Kg2 {[%emt 0:00:59]} Rh8 0-1

[Event "WJCC U20 Girls 2019"]
[Site "New Delhi"]
[Date "2019.10.17"]
[Round "3.8"]
[White "Vaishali R"]
[Black "Sapale Saloni"]
[Result "1-0"]
[WhiteElo "2385"]
[BlackElo "2142"]
[Annotator "ChessBase"]
[PlyCount "52"]
[EventDate "2019.10.15"]
[EventType "swiss"]
[EventCountry "IND"]
[SourceTitle "playchess.com"]
[Source "ChessBase"]
[SourceQuality "1"]
[TimeControl "40/5400+30:1800+30"]

1. e4 {[%emt 0:00:08]} e6 {[%emt 0:00:34]} 2. d4 {[%emt 0:00:09]} d5 {[%emt 0:00:30]} 3. Nd2 {[%emt 0:00:30]} dxe4 {[%emt 0:00:30]} 4. Nxe4 {[%emt 0:00:30]} Bd7 {[%emt 0:00:00]} 5. Nf3 {[%emt 0:00:00]} Bc6 {[%emt 0:00:00]} 6. Bd3 {[%emt 0:00:00]} Nd7 {[%emt 0:00:01]} 7. O-O {[%emt 0:00:00]} Ngf6 {[%emt 0:00:09]} 8. Ng3 {[%emt 0:00:00]} Bxf3 {[%emt 0:13:48]} 9. Qxf3 {[%emt 0:00:00]} c6 {[%emt 0:00:08]} 10. Re1 {[%emt 0:00:11]} Be7 {[%emt 0:00:35]} 11. b3 {[%emt 0:01:22]} O-O {[%emt 0:02:04]} 12. Bb2 {[%emt 0:00:18]} Re8 {[%emt 0:02:52]} 13. c4 {[%emt 0:00:49]} Bf8 {[%emt 0:05:22]} 14. Rad1 {[%emt 0:07:54]} Qb6 {[%emt 0:07:52]} 15. Ne4 {[%emt 0:09:12]} Be7 {[%emt 0:13:21]} 16. Qh3 {[%emt 0:10:49]} g6 {[%emt 0:09:37]} 17. Ng5 {[%emt 0:25:34]} Bf8 {[%emt 0:11:34]} 18. Re3 {[%emt 0:07:26]} Bg7 {[%emt 0:02:16]} 19. Qh4 {[%emt 0:04:41]} Rad8 {[%emt 0:02:36]} 20. Rde1 {[%emt 0:02:27]} Nf8 {[%emt 0:06:07]} 21. Bc2 {[%emt 0:07:56]} N8d7 {[%emt 0:02:20]} 22. Bc3 {[%emt 0:06:45]} Qc7 {[%emt 0:03:55]} 23. Rh3 {[%emt 0:03:55]} Nf8 {[%emt 0:00:30]} 24. Qf4 {[%emt 0:04:03]} Qe7 {[%emt 0:10:13]} 25. Qe3 {[%emt 0:04:23]} Nh5 {[%emt 0:02:09]} 26. Rxh5 {[%emt 0:00:52]} Qc7 {[%emt 0:00:07]} 1-0

[Event "WJCC U20 Girls 2019"]
[Site "New Delhi"]
[Date "2019.10.17"]
[Round "3.9"]
[White "Priyanka, Kumari"]
[Black "Assaubayeva, Bibisara"]
[Result "0-1"]
[WhiteElo "1921"]
[BlackElo "2381"]
[Annotator "TA"]
[PlyCount "122"]
[EventDate "2019.10.15"]
[EventType "swiss"]
[EventCountry "IND"]
[SourceTitle "playchess.com"]
[Source "ChessBase"]
[SourceQuality "1"]

{[%evp 29,122,0,0,0,0,-10,-5,-27,-22,-30,-12,-65,31,46,35,-56,-49,-79,-14,-28,-19,-28,0,0,0,-11,-13,-5,-5,-4,-14,-5,0,0,-10,-30,0,-27,-21,-35,-25,-52,0,0,0,-137,-141,-139,-117,-187,-181,-381,-381,-376,-376,-386,-386,-386,-386,-386,-386,-689,-704,-623,-616,-767,-727,-643,-637,-828,-770,-1125,-1075,-1739,-1641,-29975,-29974,-29971,-29960,-29969,-29969,-29978,-29975,-29982,-29983,-29984,-29984,-29986,-29986,-29987,-29988,-29988,-29989,-29990,-29991]} 1. e4 e5 2. Nf3 Nc6 3. Bb5 a6 4. Ba4 Nf6 5. O-O Be7 6. Re1 b5 7. Bb3 d6 8. c3 O-O 9. d4 Bg4 10. d5 Na5 11. Bc2 c6 12. h3 Bc8 13. dxc6 Qc7 14. Nbd2 Qxc6 15. Nf1 Nc4 16. a4 {C91: Closed Ruy Lopez: 7...d6 8 c3 0-0 9 d4} Be6 17. Ng3 (17. Ng5 Bd7 18. b3 Na5 19. Bd2 Qc7 20. Ne3 h6 21. Nf3 bxa4 22. b4 Nb3 23. Bxb3 axb3 24. Qxb3 {0-1 (43) Huschenbeth,N (2620)-Vitiugov,N (2732) Khanty-Mansiysk 2019}) 17... Rfc8 18. Nh4 {The position is equal.} g6 19. Qe2 $146 ({Predecessor:} 19. Nf3 Bf8 20. Ng5 Bd7 21. Nf3 h6 22. b3 Na5 23. Bd2 Qc7 24. axb5 axb5 {½-½ (87) Ziaziulkina,N (2401)-Elistratov,S (2335) Moscow 2016}) 19... Na5 20. Bg5 (20. axb5 $11 axb5 21. Bg5) 20... Qb7 ({Black should play} 20... b4 $1 $15) 21. axb5 axb5 22. b4 ({Better is} 22. Nhf5 $1 $14) 22... Nc4 $15 23. Bd3 Ne8 (23... Nh5 $17 24. Nxh5 Bxg5) 24. Bxe7 $11 Qxe7 25. Nf3 Ra7 26. Nd2 Rac7 27. Rec1 Qg5 28. Nxc4 Bxc4 29. Nf1 {[%cal Bg3f1,Bf1e3,Be3d5][%mdl 32]} Nf6 30. Ne3 Be6 31. Bxb5 Nxe4 32. c4 Rb8 33. Rc2 Bxh3 34. Qf3 Bf5 $1 35. Nd5 Rcc8 (35... Nf6 $1 $15 36. Rca2 Nxd5 37. Qxd5 Rd8) 36. Re2 Nd2 37. Qc3 (37. Qe3 $11 {remains equal.} Qxe3 38. fxe3 Nxc4 39. Ba6) 37... Rxb5 $1 $17 38. Rxd2 {[#] Black must now prevent f4!} Rxd5 $1 {[%mdl 512]} 39. Rxd5 {[#]} (39. f4 $17 {might work better.} Qxf4 40. Rxd5) (39. cxd5 Rxc3) 39... Be4 $1 $40 {[%csl Ge4,LRd5,LRg2][%cal Rg5g2][%mdl 704] Double Attack. Black wants a kill.} 40. Qh3 $2 (40. Qg3 {was the only defense.} Qxg3 41. fxg3 Bxd5 42. cxd5) 40... Rxc4 41. Rxd6 {[#]} Bxg2 $1 {[%mdl 512]} 42. Qe3 (42. Qxg2 Rg4) 42... Rf4 {And now ...Bf3+ would win.} 43. Qg3 Rg4 44. Kxg2 h5 ({Don't take} 44... Rxg3+ 45. fxg3 Qg4 46. Rf1 $19) 45. Kh2 $2 (45. Qxg4 Qxg4+ 46. Kf1) 45... Rxg3 46. fxg3 {[%mdl 4096] Endgame KQ-KRR} h4 47. Rg1 hxg3+ 48. Rxg3 Qh4+ 49. Rh3 Qxb4 50. Rd8+ Kg7 51. Rdh8 f5 52. Rc8 Qb2+ {Black mates.} 53. Kg1 f4 54. Rhc3 e4 55. R8c7+ Kh6 56. Rc2 Qd4+ 57. Kh1 f3 58. Rh2+ Kg5 {[%cal Rd4d1]} 59. Rc1 e3 60. Rg1+ Kf5 61. Rh3 Qe4 {Accuracy: White = 31%, Black = 70%.} 0-1